000 00502nam a2200181Ia 4500
003 GCL
008 140319s9999 xx 000 0 ara d
040 _aGCL /
_cGCL
082 0 4 _a923.2
_bل ق
245 1 0 _aقصة حياة ابراهام لنكولن
300 _a191
490 _aالالف كتاب
_v0
650 0 4 _aالعصر الحديث
650 0 4 _aتاريخ
650 0 4 _aالولايات المتحدة الامريكية
650 0 4 _aابراهام لنكولن
942 _2ddc
_cBK
999 _c43034
_d43034